Top 19 Largest Settlements in Dorset - Statistics

General Stats
  • This quiz has been taken 116 times
  • The average score is 12 of 19
Answer Stats
Population (2011) Location Answer % Correct
183,491 South-East Bournemouth
99%
154,718 South-East Poole
97%
19,060 South Dorchester
96%
58,200 South Weymouth
95%
54,210 South-East Christchurch
83%
4,712 South-West Lyme Regis
78%
13,737 South-West Bridport
76%
10,454 South-East Swanage
75%
5,496 South-East Wareham
63%
11,694 Central Blandford Forum
58%
9,523 North-West Sherborne
55%
11,278 North Gillingham
54%
7,314 North Shaftesbury
54%
26,559 South-East Ferndown
50%
15,174 East Wimborne Minster
50%
13,360 East Verwood
47%
6,069 South Weston/Easton
15%
5,984 East St Leonards
11%
6,005 East Merley/Oakley
5%
No matching quizzes found
Score Distribution
Percent of People with Each Score
Percentile by Number Answered
Your Score History
You have not taken this quiz